000 00585nam a2200181Ia 4500
001 13615
005 20260306164814.0
008 260306t2009||||xx |||||||||||||| ||spa||
041 _aESP
082 _a005.1
_bI49
100 _aInstituto Nacional de Defensa de la Competencia y de la Protección de Propiedad Intelectual
_eAUT
245 0 _aSoftware y tecnología de la información:
_bcompendio de normas técnicas peruanas y guías para su implementación
260 _c2009
300 _av.s páginas :
_c29 cm.
650 _aGEN
654 _aCCC
942 _cLIB
_dJUS
_fJUS
_2ddc
_n
999 _c13615
_d13615